000 00428nam a2200169Ia 4500
008 230711s9999||||xx |||||||||||||| ||und||
020 _a978-81-203-2928-7
041 _aENG
082 _a658.4034
_bPA-O
100 _aPanneerselvam R
245 0 _aOperations Research
250 _a2nd Ed.
260 _c2006
_aNew Delhi
_bPHI Learning Private Limited
300 _a608p.
650 _aUNIVESITY BUSNIESS SCHOOL
942 _cBK
999 _c6743
_d6743